000
00312nam a22001217a 4500
999
_c
66723
_d
66720
082
_a
R/4CE16
100
_a
Bi;awa; Ali
_a
16CE42
245
_a
Numerical Analysis of Foundation Waterlogged Area
260
_a
Nawabshah
_b
QUEST
_c
2019
300
_a
24
700
_a
Department of Civil Engineering
942
_c
THESIS